| 000 | 01663nam a2200241 a 4500 | ||
|---|---|---|---|
| 001 | BRCA_8695 | ||
| 005 | 20190320210353.0 | ||
| 008 | 161216s--------it-b######---#000-0#lat-# | ||
| 040 | _aspa | ||
| 041 | _asp | ||
| 084 |
_aBE39 _b.E24 1790 |
||
| 100 | 1 |
_aEcharri, Francisco (O.F.M.) _921665 |
|
| 245 | 1 | 0 |
_aDirectorio moral _cdel reverendo padre FR. Francisco Echarri, del orden de N.P.S. Francisco de la Regular Observancia. |
| 260 |
_aMadrid _bEn la Imprenta Real _c1790 |
||
| 300 |
_a528 p. [t.1] _bil. _c21 x 15 cm. |
||
| 500 | _aCon marca de fuego: “Procedencia de la marca: Colegio de la Santa Cruz de Querétaro (1). Institución: Congregación de Propaganda Fide. Descripción: Cruz franqueada por las sílabas ´CO´ y ´LE´ de Colegio. Figura enmarcada en un círculo que representa el cordón franciscano. Observaciones: Rafael Sala y Carlos Krausse catalogan esta marca junto con una que solo posee la sílaba ´CO´ (consultar BJML-12026) como perteneciente al Colegio de Misioneros de Propaganda Fide, de la Santísima Cruz de Querétaro. David Saavedra por su parte, hace una atribución casi idéntica, salvo que menciona ´de la Cruz de los Milagros de Querétaro´. Ubicación de la marca en el libro: Canto superior” | ||
| 500 | _aEstado físico: lomo desprendido, cintas rotas y portada de fotocopia | ||
| 650 | 1 | 4 |
_aMoral cristiana _yObras anteriores a 1800 _921666 |
| 700 | 1 |
_aGiron y Serrado, Francisco _eil. _921667 |
|
| 856 | _ahttp://www.marcasdefuego.buap.mx:8180/xmLibris/projects/firebrand/item.jsp?repository=marcas_de_fuego&key=marcas_de_fuego_franciscanas_20131206110045_8d15.xml&num=99 | ||
| 902 | _aCFM | ||
| 942 |
_2lcc _cB |
||
| 999 |
_c8348 _d8348 |
||